000 01271nam1a22003131 4500
001 RU\NLR\BIBL_A\022487770
005 20250807185219.0
035 _a(NLR Aleph) 022487770
090 _a88667
_c88667
100 _a20250807 rusy50
101 0 _abel
102 _aBY
105 _a||||j||||||||
181 0 _ai3
_baxxe
182 0 _an
200 1 _aГеаметрыя
_eпадручнік для ... сямігадовай і сярэдняй школы
_fА. П. Кіселёў
_gпад рэдакцыяй і з дадаткамі Н. А. Глаголева
203 _aТекст
_bвизуальный
_cнепосредственный
205 _aВыд. 5-е з 5-га рус.
210 _aМінск
_cДзяржаўнае выд-ва БССР, Рэдакцыя вучэбна-педагагічнай літаратуры
_d1945-
215 _d22
700 1 _aКиселев
_bА. П.
_cпедагог, математик
_f1852-1940
_gАндрей Петрович
_3RU\NLR\AUTH\770166867
852 _aNLR
_jМт10 Г-5/79
899 _aНБ Беларуси
942 _cBOOK
945 _aРоссийская национальная библиотека
980 _aBV
980 _aBEL